Tilastot visalle Maat, jotka ovat vaihtaneet paikkaa keskenään

Klikkaa tästä pelataksesi tätä visaa!

Yleistilastot

  • Tätä visaa on pelattu 501 kertaa
  • Keskiarvotulos 8 / 10

Vastaukset kartalla

Vastauksille on annettu kartalla punavihreä väri sen mukaan, kuinka moni on saanut sen oikein.
 

Vastaustilastot

ValtioVaihdokki% Oikein
IslantiKuuba
97%
KuubaIslanti
91%
JapaniUusi-Seelanti
83%
PortugaliTunisia
82%
Uusi-SeelantiJapani
80%
IrlantiEtelä-Korea
78%
TunisiaPortugali
74%
Etelä-KoreaIrlanti
69%
UruguayKambodža
58%
KambodžaUruguay
41%

Tulosjakauma

Persentiili vastausten määrän mukaan

Jokaisen tuloksen saaneiden osuus

Tuloshistoriasi

Et ole pelannut tätä visaa